000 01056cam a2200205 4500500
005 20260201130253.0
041 _afre
042 _adc
100 1 0 _aVincent, Anaïs
_eauthor
245 0 0 _aDreamers
260 _c2026.
500 _a19
520 _aLa 20e édition du festival Arabesques se tenait à Montpellier du 9 au 21 septembre 2025. Son affiche copieuse, présentant des spectacles de danse, d’humour et surtout de musique, confirmait sa réputation de plus importante manifestation européenne privée consacrée à la diversité artistique du monde arabe. Une belle occasion de revenir sur le parcours atypique et inspirant de Habib Dechraoui, fondateur de l’association UNi’SONS, puis concepteur et directeur du Festival Arabesques.
690 _afemmes
690 _afiction
690 _amigrations
690 _aRoyaume-Uni
786 0 _nMondes & Migrations | - | 1 | 2026-01-06 | p. 200-201 | 3075-6812
856 4 1 _uhttps://shs.cairn.info/revue-mondes-migrations-2026-1-page-200?lang=fr&redirect-ssocas=7080
999 _c1642303
_d1642303